Super pendus - Créatures légendaires - Statistiques

Statistiques générales
  • Ce quiz a été pris 1 781 fois
  • Le résultat moyen est 48 sur 69
Statistiques - réponses
Réponses % Correct
A
93%
A
93%
A
93%
A
93%
A
93%
A
93%
A
93%
A
93%
A
93%
A
93%
A
93%
A
93%
A
93%
E
90%
E
90%
E
90%
E
90%
E
90%
E
90%
E
90%
E
90%
E
90%
E
90%
E
90%
E
90%
E
90%
R
77%
R
77%
R
77%
R
77%
R
77%
R
77%
R
77%
U
68%
U
68%
U
68%
U
68%
L
66%
T
64%
T
64%
T
64%
T
64%
T
64%
N
62%
N
62%
D
61%
D
61%
D
61%
C
55%
C
55%
C
55%
F
52%
F
52%
F
52%
F
52%
S
50%
S
50%
S
50%
S
50%
S
50%
B
44%
G
39%
G
39%
P
38%
Y
33%
Y
33%
Y
33%
H
26%
Q
11%
Aucun quiz correspondant
Distribution des résultats
% des personnes avec chaque résultat
Percentile par nombre de réponses
Votre historique - résultats
Vous n’avez pas pris ce quiz